Statystyki dla Państwa Europy

Kliknij tutaj aby rozwiązać quiz!

Ogólne statystyki

  • Ten quiz został rozwiązany 45 razy
  • Średni wynik to 12 z 15

Statystyki odpowiedzi

HintOdpowiedź% Poprawnych
WarszawaPolska
100%
MińskBiałoruś
98%
KijówUkraina
98%
ZagrzebChorwacja
93%
DublinIrlandia
93%
ReykjavikIslandia
93%
SkopjeMacedonia Północna
90%
StambułTurcja
86%
TiraneAlbania
83%
SarajevoBośnia i Hercegowina
81%
BukaresztRumunia
79%
LjuljanaSłowenia
79%
RabatMaroko
60%
AstanaKazachstan
55%
LefkosiaCypr
45%

Rozkład punktacji

Percentyl według liczby udzielonych odpowiedzi

Procent ludzi z każdym wynikiem

Twoja historia wyników

Nie rozwiązałeś tego quizu